Bude Slovensko plastovým smetiskom?

Dva pohľady z jednej strany na nový zákon o obaloch prijatý 25.6.2002 NR SR. Systém odvozu odpadov. Ekonomické riziká. Ochrana životného prostredia alebo lobizmus?

Enregistré dans:
Détails bibliographiques
Auteur principal: Hinková-Dibarborová, Andrea
Format: Chapitre de livre
Langue:slovaque
Sujets:
Tags: Ajouter un tag
Pas de tags, Soyez le premier à ajouter un tag!

MARC

LEADER 00000naa a2200000 4500
001 r045852
005 20231004094208.2
041 0 |a slo 
044 |a SK 
245 1 0 |a Bude Slovensko plastovým smetiskom?  |c Andrea Hinková 
520 |a Dva pohľady z jednej strany na nový zákon o obaloch prijatý 25.6.2002 NR SR. Systém odvozu odpadov. Ekonomické riziká. Ochrana životného prostredia alebo lobizmus? 
610 2 0 |a obaly 
610 2 0 |a odpad komunálny 
610 2 0 |a zber surovín 
610 2 0 |a prostredie životné 
610 2 0 |a zákony 
610 2 0 |a Slovensko 
100 1 |a Hinková-Dibarborová, Andrea